00756nam a2200169Ia 4500001001000000003000500010008004100015010001100056040000900067100002700076245017900103260003500282300001000317502010900327650009700436710005300533Para_2876CHAP220125s1988 xx 000 0 und d a201409 cCHAP aJavier Mercado, Javier aEvaluación agroeconómica del control integrado de la virosis en el cultivo del melón (Cucumis melo L.) en el Valle de Apatzingán, Mich. /c por Javier Mercado Javier aChapingo, Méx. :b El autor a63 p. aTesis (Ing. Agr. Esp. en Parasitología Agrícola) -- UACh. Departamento de Parasitología Agrícola aMelón x Enfermedades Plantas x Enfermedades por virus Control integrado de la virosis aUACh. Departamento de Parasitología Agrícola